| 000 | 00472nam a2200157Ia 4500 | ||
|---|---|---|---|
| 001 | 137627 | ||
| 003 | 229696 | ||
| 005 | 20231109070806.0 | ||
| 008 | ||||||n9999 ||| || || | ||
| 100 |
_aSaru, Alberto Luís _9168504 |
||
| 245 | 0 | _aDemocracia en la participación de la zona franca santandereana | |
| 562 | _e2 | ||
| 650 |
_aDEMOCRACIA--SANTANDER (COLOMBIA) _9168312 |
||
| 650 |
_aPARTICIPACIÓN DEMOCRATICA--(SANTANDER, COLOMBIA) _9168313 |
||
| 942 | _cTESIS | ||
| 999 |
_c137627 _d137627 |
||